000 00463nam a2200181Ia 4500
001 21044
005 20260306172850.0
008 260306t2007||||xx |||||||||||||| ||spa||
041 _aESP
082 _a344
_bG79M
100 _aGracia Martín, Luis
_eAUT
245 0 _aLa modernización del derecho penal y el derecho penal del enemigo
260 _c2007
300 _a337 páginas :
_c23 cm.
650 _aGEN
654 _aCDE
942 _cLIB
_dJUS
_fJUS
_2ddc
_n
999 _c21044
_d21044